00651 a2200205 4500001000700000003000400007005001700011008004100028020001800069082001800087100002100105245007300126260002900199300001000228690005200238700002000290942001200310999001500322952010800337133008OSt20220331154533.0  a9780387281414 a515.732bA14T1 aAlbiac, Fernando1 aTopics in banach space theorycby Fernando Albiac and Nigel J Kalton aNew YorkbSpringerc2006 a373p. aBanach spaces; Functional analysis; Mathematics aKalton, Nigel J 2ddccBK c7340d7340 00102ddc40708TXBaCURAJbCURAJd2012-07-26eMTHl0o515.732 A14Tp10577r2024-11-21w2020-09-02yBK